000 00870nas a2200289 4500
001 BR2018001400
003 BR-BrBNA
005 20231205131346.0
007 ta
008 230509b bl.|||p| |||| 00| 00por d
040 _aBR-BrBNA
_bpor
_cBiblioteca Nacional de Agricultura
041 _a(En)
072 _aJ11
100 1 _aMelo, L.F. de
100 1 _aMartins, C.C.
100 1 _aSilva, G.Z. da
100 1 _aPereira, F.E.C.B.
100 1 _aJeromini, T.S.
245 1 _aEffects of processing phases on the quality of massai grass seeds
650 _aGRAMÍNEA FORRAGEIRA
650 _aSEMENTE
650 _aBENEFICIAMENTO
650 _aEQUIPAMENTO AGRÍCOLA
773 0 _tRevista Ciência Agronômica (Brazil)
_xISSN 0045-6888
_g(Apr-Jun 2018), v. 49(2) p. 259-266
_wBR2018001400
909 _a202311
_bLúcia
_c55
_dLúcia Elande
942 _2AGRIS
_n0
_cANA
999 _c254377
_d254377